Brassens - La non-demande en mariage - Statistiques

Statistiques générales
  • Ce quiz a été pris 97 fois
  • Le résultat moyen est 209 sur 290
Statistiques - réponses
Paroles % Correct
d'
100%
n'
100%
pas
100%
de
98%
De
98%
l'
98%
L'
98%
ne
98%
à
96%
A
96%
a
96%
Ma
96%
un
96%
le
94%
noms
94%
au
92%
Au
92%
nos
92%
parchemin
92%
te
92%
bas
90%
J'ai
90%
la
90%
demander
88%
honneur
88%
main
88%
ta
88%
gravons
86%
sa
82%
du
80%
en
80%
les
78%
qu'
78%
se
78%
des
76%
grâce
73%
mie
73%
On
73%
Cupidon
71%
je
71%
qui
71%
et
69%
ce
67%
flèche
67%
mettons
65%
propre
65%
sous
63%
elle
61%
est
61%
gorge
61%
ont
59%
leur
57%
ses
57%
son
57%
ai
55%
aux
55%
Il
55%
payé
55%
sacrilège
55%
bonheur
53%
Tant
53%
amoureux
51%
nous
51%
perd
51%
mes
49%
bien
47%
mais
47%
perdu
47%
pot
47%
casseroles
45%
coeurs
45%
Diable
43%
goût
43%
libre
43%
maitresses
43%
moi
43%
nature
43%
queues
43%
tous
43%
veux
43%
confiture
41%
dans
41%
essayée
41%
queue
41%
sur
41%
besoin
39%
dispense
39%
ménage
39%
oiseau
39%
soins
39%
tout
39%
attachent
37%
Laissons
37%
pense
37%
pensées
37%
deux
35%
fait
35%
paroles
35%
pot-au-feu
35%
toujours
35%
attraits
33%
champs
33%
dame
33%
défendue
33%
devant
33%
marguerite
33%
prisonniers
33%
serons
33%
servante
33%
fond
31%
latin
31%
peut
31%
trop
31%
aucun
29%
cuisine
29%
cuite
29%
effeuiller
29%
éternelle
29%
fiancée
29%
lèche-frite
29%
ombre
29%
ôte
29%
pomme
29%
prix
29%
doux
27%
livres
27%
Mélusine
27%
secrets
27%
billets
24%
encre
24%
jolie
24%
souvent
24%
entre
22%
pâlit
22%
Vénus
22%
vieille
22%
devoilant
20%
feuillets
20%
repos
20%
mettre
18%
sembler
16%
vite
16%
àà
2%
Aucun quiz correspondant
Distribution des résultats
% des personnes avec chaque résultat
Percentile par nombre de réponses
Votre historique - résultats
Vous n’avez pas pris ce quiz